Historia económica de América Latina /

保存先:
書誌詳細
第一著者: Rodríguez Lapuente, Manuel (autor)
フォーマット: 図書
言語:スペイン語
出版事項: Guadalajara, México : Universidad de Guadalajara, Instituto de Estudios Sociales, 1983, c1983
主題:
タグ: タグ追加
タグなし, このレコードへの初めてのタグを付けませんか!

MARC

LEADER 00000nam^a2200000^a^4500
001 000183563
005 20250521000000.0
009 20260310102044.806
020 |a 968-57-0099-0 
037 |a Acervo ITESO - Biblioteca 
041 |a ESP 
082 |a 330. 980  |b ROD V. 1 
100 |a Rodríguez Lapuente, Manuel  |e (autor) 
245 1 0 |a Historia económica de América Latina /  |c M. Rodríguez Lapuente. 
264 4 |a Guadalajara, México :  |b Universidad de Guadalajara, Instituto de Estudios Sociales,  |c 1983, c1983 
300 |a 165 p. 
336 |a texto  |b txt  |2 rdacontenido 
337 |a sin mediación  |b n  |2 rdamedio 
338 |a volumen  |b nc  |2 rdasoporte 
649 |a XX 
650 |a Desarrollo Económico-Social -  |z América -  |x Historia -  |x Epoca Prehispánica 
650 |a Desarrollo Económico-Social -  |z América -  |x Historia -  |y Epoca Colonial 
650 |a Economía -  |z América -  |x Historia -  |x Epoca Prehispánica 
650 |a Economía -  |z América -  |x Historia -  |y Epoca Colonial 
650 |a América -  |x Historia -  |y Epoca Prehispánica 
650 |a América -  |x Historia -  |y Epoca Colonial 
650 |a América -  |x Condiciones Económicas 
910 |a Fondo General 
920 |a Impresos - Libros 
930 |a Colección General 
905 |a 101 
901 |a 0500123960  |b IT1  |c ACC  |u 20250521 
902 |a https://opac.biblio.iteso.mx/vufind/Record/000183563